Statistics for Largest Metro Areas In Oregon

Click here to take the quiz!

General Stats

  • This quiz has been taken 95 times
  • The average score is 4 of 6

Answer Stats

HintAnswer% Correct
1,789,580Portland
99%
390,738Salem
91%
351,794Eugene
86%
157,733Bend
68%
203,613Medford
64%
116,871Albany-Lebanon
30%

Score Distribution

Percentile by Number Answered

Percent of People with Each Score

Your Score History

You have not taken this quiz